00427nam a2200181Ia 4500003000400000005001700004008004100021020001400062040000700076041000800083082002200091100002100113245003500134250000600169260004500175300001200220365001300232OSt20230324155029.0210423s2007 xx 000 0 und d a195612248 cAL aeng a829.09 223bALBE aALBERT (Edward). aHistory of english literature. a5 aNew DelhibOxford University Pressc2007 a661bPB b195cINR